书目信息 |
| 题名: |
演员的准备
|
|
| 作者: | 斯坦尼斯拉夫斯基 著 ;艾涛 , 黄丽嫣 译 | |
| 分册: | ||
| 出版信息: | 南昌 江西高校出版社 2009 |
|
| 页数: | 284页 | |
| 开本: | 24cm | |
| 丛书名: | 世界人文科学读本丛书 | |
| 单 册: | ||
| 中图分类: | J812.1 | |
| 科图分类: | ||
| 主题词: | 戏剧演员--修养 , 戏剧演员 | |
| 电子资源: | ||
| ISBN: | 978-7-81132-623-9 | |
| 000 | 00939oam2 2200277 45 | |
| 005 | 20100303152402.93 | |
| 010 | @a978-7-81132-623-9@dCNY32.00 | |
| 100 | @a20100120d2009 em y0chiy0110 ea | |
| 101 | 1 | @achi@crus |
| 102 | @aCN@b360000 | |
| 105 | @ay z 000by | |
| 106 | @ar | |
| 200 | 1 | @a演员的准备@AYan Yuan De Zhun Bei@dAn actor prep ares@f(俄)斯坦尼斯拉夫斯基(Stanislavski)著@F( E ) Si Tan Ni Si La Fu Si Ji (Stanislavski) Zhu@g艾涛,黄丽嫣译@zeng |
| 210 | @a南昌@c江西高校出版社@d2009 | |
| 215 | @a284页@d24cm | |
| 225 | 2 | @a世界人文科学读本丛书 |
| 461 | 0 | @12001 @a世界人文科学读本丛书 |
| 510 | 1 | @aAn actor prep ares@zeng |
| 606 | 0 | @a戏剧演员@x修养 |
| 606 | 0 | @a戏剧演员 |
| 690 | @aJ812.1@v4 | |
| 701 | 1 | @a斯坦尼斯拉夫斯基@ASi Tan Ni Si La Fu Si Ji@g(Stanislavski)@4著 |
| 702 | 0 | @a艾涛@AAi Tao@4译 |
| 702 | 0 | @a黄丽嫣@AHuang Li Yan@4译 |
| 801 | 0 | @aCN@bTANGWEI@c20100303 |
| 905 | @b0584443-47@dJ812.1@e74@f5 | |
| 演员的准备=An actor prep ares/(俄)斯坦尼斯拉夫斯基(Stanislavski)著/艾涛,黄丽嫣译.-南昌:江西高校出版社,2009 |
| 284页;24cm.-(世界人文科学读本丛书) |
| ISBN 978-7-81132-623-9:CNY32.00 |
| ● |
| 相关链接 |
|
|
|
|
正题名:演员的准备
索取号:J812.1/74
 
预约/预借
| 序号 | 登录号 | 条形码 | 馆藏地/架位号 | 状态 | 备注 |
| 1 | 0584443 | 205844434 | 第一样本阅览室/ [索取号:J812.1/74] | 在馆 | |
| 2 | 0584444 | 205844443 | 第一借阅区/ [索取号:J812.1/74] | 在馆 | |
| 3 | 0584445 | 205844452 | 物理系资料室/ [索取号:J812.1/74] | 在馆 | |
| 4 | 0584446 | 205844461 | 第一借阅区/ [索取号:J812.1/74] | 在馆 | |
| 5 | 0584447 | 205844470 | 第一借阅区/ [索取号:J812.1/74] | 在馆 |